000 00227nam a2200097Ia 4500
005 20251222114413.0
008 251222s1900||||xx |||||||||||||| ||spa||
082 _aDVD0070/S75T/2004
245 0 _aTerminal:The Terminal
942 _cDVD
999 _c2110
_d2110